000 00528cas a22001815a 4500
001 L112234
008 070612c1987 xxkmr p 0 a0eng u
022 1 _a0951-9556
035 _a(Sirsi) u112234
041 0 _aeng
245 0 0 _aCommercial Leases
260 _aColchester
_bInforma
_c1987-
362 _a15(3) May 2001-
554 _a12 per year
651 4 _aEngland and Wales
_y1543-
690 _aPROPERTY-COMMERCIAL PROPERTY-LEASEHOLD COMMERCIAL PROPERTY-COMMERCIAL LANDLORD AND TENANT-COMMERCIAL LEASES
942 _n0
999 _c118737
_d118737